00452nam a22001097a 4500008004100000100001800041245008600059260002200145300003100167520012200198773002200320260609b ||||| |||| 00| 0 eng d aSaghar, Amol  aA new history of India for children from its origins to the twenty first century  aThe Book Review  a49(11), Nov, 2025: p.17-18 aRudrangshu Mukherjee, Shobita Punja and Toby Sinclair Aleph Book company 2025, xxi+295.00. Rs.499.00. – Reproduced  aThe Book Review